Statistiques concernant Culture Générale - Série 320

Cliquez ici pour prendre le quiz!

Statistiques générales

  • Ce quiz a été pris 67 fois
  • Le résultat moyen est 6 sur 10

Statistiques - réponses

QuestionRéponse% Correct
De quelle couleur sont les bornes d'appel d'urgence sur les autoroutes ?Orange
83%
Comment appelle-t-on les habitants de Sochaux ?Les Sochaliens
82%
Dans quelle catégorie Cyril Despres a-t-il gagné le Dakar 2007 ?Moto
74%
Dans quelle grande ville française se promène-t-on sur la place Masséna ?Nice
74%
Quel est le prénom du footballeur Anelka ?Nicolas
71%
De quelle ville part la course cycliste qui arrive à San Remo ?Milan
70%
Quel était le prénom de Brejnev, l'homme politique soviétique ?Leonid
50%
Quel territoire était le sujet du référendum du 6 novembre 1988 ?Nouvelle-Calédonie
50%
Dans quelle ville du Japon se sont déroulés les jeux Olympiques d'hiver de 1998 ?Nagano
39%
En 2007 au cinéma, qui joue l'épouse de Christian Clavier dans "Le Prix à payer" ?Nathalie Baye
15%

Distribution des résultats

Percentile par nombre de réponses

% des personnes avec chaque résultat

Votre développement - résultats

Vous n’avez pas pris ce quiz